Central Library OPAC University of Rajshahi

The evolution of Australian foreign policy 1938-1965 / (Record no. 42253)

MARC details
000 -LEADER
fixed length control field 00737nam a2200253 a 4500
001 - CONTROL NUMBER
control field 42253
003 - CONTROL NUMBER IDENTIFIER
rucl marc code BD-RjUL
005 - DATE AND TIME OF LATEST TRANSACTION
control field 20211209053519.0
008 - FIXED-LENGTH DATA ELEMENTS--GENERAL INFORMATION
fixed length control field 160611s1968 enk b 000 0 eng
020 ## - INTERNATIONAL STANDARD BOOK NUMBER
International Standard Book Number 0521095522(pbk.)
035 ## - SYSTEM CONTROL NUMBER
System control number (BD-RjUL)42371
040 ## - CATALOGING SOURCE
Original cataloging agency DLC
Transcribing agency DLC
Modifying agency BD-RjUL
Language of cataloging eng
041 ## - LANGUAGE CODE
Language code of text/sound track or separate title eng
082 00 - DEWEY DECIMAL CLASSIFICATION NUMBER
Classification number 327.94
Edition number 19
Author mark and year WAE 1968
100 1# - MAIN ENTRY--PERSONAL NAME
Personal name Watt, Alan Stewart
9 (RLIN) 129943
245 14 - TITLE STATEMENT
Title The evolution of Australian foreign policy 1938-1965 /
Statement of responsibility, etc. by Alan Watt.
260 ## - PUBLICATION, DISTRIBUTION, ETC. (IMPRINT)
Place of publication, distribution, etc. London :
Name of publisher, distributor, etc. Cambridge U.P.,
Date of publication, distribution, etc. 1968.
300 ## - PHYSICAL DESCRIPTION
Pagination x, 387 p.;
Size 19 cm.
350 ## - PRICE (NR) (BK AM CF MU VM SE) [OBSOLETE]
Price 20/- (pbk.)
-- ($3.25)
504 ## - BIBLIOGRAPHY, ETC. NOTE
Bibliography, etc Bibliography: p. 365-366.
651 #0 - SUBJECT ADDED ENTRY--GEOGRAPHIC NAME
Geographic name Australia
General subdivision Foreign relations.
9 (RLIN) 129935
942 ## - ADDED ENTRY ELEMENTS (KOHA)
Source of classification or shelving scheme Dewey Decimal Classification
Koha item type Books
Holdings
Lost status Source of classification or shelving scheme Damaged status Not for loan Collection code Permanent Location Current Location Shelving location Date acquired Source of acquisition Cost, normal purchase price Total Checkouts Full call number Date last seen Copy number Koha item type
  Dewey Decimal Classification     Non-fiction Central Library, University of Rajshahi Central Library, University of Rajshahi   18/11/1987 Zait. 60.00   327.94 WAE 1968 11/06/2016 C-2 Books
  Dewey Decimal Classification     Non-fiction Central Library, University of Rajshahi Central Library, University of Rajshahi   18/11/1987 Zeit 60.00   327.94 WAE 1968 11/06/2016 C-3 Books